| 000 | 00689nam a22002055i 4500 | ||
|---|---|---|---|
| 001 | 163690 | ||
| 003 | ES-MaACL | ||
| 005 | 20240522115347.0 | ||
| 008 | 891121s1892 fr |||| |bfre d | ||
| 040 |
_aCAT _bspa _cCAT _dCCPB |
||
| 100 | 0 |
_aRod, Edouard. _998088 |
|
| 245 | 1 | 0 |
_aStendhal / _cpar Édouard Rod. |
| 260 |
_aParis : _bLibrairie Hachette et Cie., _c1892. |
||
| 300 |
_a160, 8 p., [1] h. de lám. ; _c19 cm. |
||
| 490 | 1 | _aLes Grands écrivains français | |
| 600 | 0 | 4 |
_aStendhal, _d1783-1842 _9108086 |
| 830 | 0 |
_aLes Grands écrivains français _9182230 |
|
| 852 |
_aES-MaACL _jB-3182(2) _z-- Enc. pasta española con otra obra |
||
| 999 |
_c163690 _d163690 |
||